000 00756nam a2200229 a 4500
001 44759
003 BD-RjUL
005 20211209053919.0
008 160720s1994 ii ||||| |||| 00| 0 ben d
020 _c: Tk. 30.00
035 _a(BD-RjUL) 44877
040 _aBD-RjUL
_bben
_cBD-RjUL
041 _aben
082 _223
_a808.1
_bGHC 1994
100 1 _aঘোষ, শঙ্খ
_9126014
245 1 0 _aছন্দের বারান্দা /
_cশঙ্খ ঘোষ
260 _aকলকাতা :
_bঅরুণা প্রকাশনী,
_c১৯৯৪ (১৪০১)
300 _a১৫৯ পৃ. ;
_c২১ সেমি.
650 _aকবিতার ছন্দ
_9137222
650 _aRhetoric of poetry
_9127830
942 _2ddc
_cBK
999 _c44759
_d44759